[Event "Ellivuori Grandmaster Tournament"]
[Site "Vammala FIN"]
[Date "2002.08.28"]
[Round "5"]
[White "Rantanen, Tanja"]
[Black "Paasikangas-Tella, Johanna"]
[Result "1-0"]
[WhiteElo "2166"]
[BlackElo "2276"]
[PlyCount "129"]
[EventDate "2002.08.24"]
[SourceDate "2002.08.25"]

1. e4 c5 2. c3 d6 3. d4 Nf6 4. Bd3 Qc7 5. h3 g6 6. Nf3 Bg7 7. O-O O-O 8. Bf4
Nbd7 9. a4 e5 10. dxe5 dxe5 11. Be3 b6 12. Na3 a6 13. Nd2 Bb7 14. f4 exf4 15.
Bxf4 Qc6 16. Nac4 Rad8 17. Nd6 Nb8 18. N2c4 Ba8 19. Qe2 b5 20. axb5 axb5 21.
Nxb5 Nh5 22. Bc7 Qxb5 23. Rxa8 Qc6 24. Rxb8 Qxc7 25. Rxd8 Rxd8 26. Qf3 Bh6 27.
e5 Nf4 28. Be4 Qe7 29. Qg4 Ne6 30. Bc2 Bg7 31. Bb3 Rb8 32. Ba2 h5 33. Qe4 Ng5
34. Qc6 Kh7 35. Qd6 Qa7 36. Bb1 Re8 37. h4 Ne6 38. Qd1 Kg8 39. Nd6 Rf8 40. Qd5
Qe7 41. Qe4 Nc7 42. Nc4 Qe6 43. Rd1 Qe7 44. Rd6 Ne6 45. Ne3 Nc7 46. Ba2 Kh8 47.
Nc4 Ra8 48. Bb3 Rb8 49. Ba4 Ne8 50. Rd7 Qe6 51. Qd5 Qg4 52. Qxf7 Qxh4 53. Re7
Kh7 54. Bxe8 Qe1+ 55. Qf1 Qe4 56. Ba4 Qh4 57. Rf7 Ra8 58. Qf6 Qe1+ 59. Kh2 Rg8
60. Bc2 Kh8 61. Qf4 Ra8 62. Bxg6 Qe2 63. Rxg7 Kxg7 64. Qf7+ Kh6 65. Qf6 1-0

[Event "Ellivuori Grandmaster Tournament"]
[Site "Vammala FIN"]
[Date "2002.08.28"]
[Round "5"]
[White "Ciuksyte, Dagne"]
[Black "Erneste, Inguna"]
[Result "0-1"]
[WhiteElo "2329"]
[BlackElo "2287"]
[PlyCount "92"]
[EventDate "2002.08.24"]
[SourceDate "2002.08.25"]

1. e4 c6 2. d4 d5 3. Nd2 dxe4 4. Nxe4 Bf5 5. Ng3 Bg6 6. Bc4 e6 7. N1e2 Bd6 8.
h4 h6 9. Nf4 Bh7 10. Ngh5 Bf8 11. Be3 g6 12. Ng3 Nf6 13. Qe2 Qe7 14. O-O-O Nbd7
15. Bb3 O-O-O 16. Nd3 Nd5 17. Bxd5 exd5 18. Qd2 Bg7 19. Rde1 Qf8 20. Qa5 Kb8
21. Bf4+ Ka8 22. Ne2 Rc8 23. Nc5 Nxc5 24. dxc5 Qd8 25. Qd2 Qf6 26. Nc3 Qd4 27.
Bxh6 Bxh6 28. Qxh6 g5 29. Qxg5 Qxf2 30. Re2 Qxc5 31. Rhe1 Qc4 32. Qf6 a6 33.
Qxf7 Qxh4 34. Re7 Qh6+ 35. Kb1 Qd2 36. R7e2 Bxc2+ 37. Ka1 Qd3 38. Rc1 Qf5 39.
Qe7 Bd3 40. Re5 Qf4 41. Rd1 Bc2 42. Rde1 d4 43. Ne4 Qh4 44. Nf6 d3 45. R5e4 Qf2
46. Rb4 Rc7 0-1

[Event "Ellivuori Grandmaster Tournament"]
[Site "Vammala FIN"]
[Date "2002.08.29"]
[Round "6"]
[White "Polovnikova, Ekaterina"]
[Black "Erneste, Inguna"]
[Result "1/2-1/2"]
[WhiteElo "2387"]
[BlackElo "2287"]
[PlyCount "102"]
[EventDate "2002.08.24"]
[SourceDate "2002.08.25"]

1. e4 e5 2. Nf3 Nc6 3. d4 exd4 4. Nxd4 Nf6 5. Nxc6 bxc6 6. e5 Qe7 7. Qe2 Nd5 8.
c4 Ba6 9. b3 g6 10. f4 Bg7 11. Qf2 Nb6 12. Bb2 f6 13. Nd2 fxe5 14. fxe5 Bxe5
15. O-O-O Bxb2+ 16. Kxb2 Rf8 17. Nf3 O-O-O 18. Bd3 c5 19. Rhe1 Qf6+ 20. Kc2 d6
21. Qg3 Bb7 22. Ng5 Qf2+ 23. Rd2 Qxg3 24. hxg3 Rd7 25. Rde2 Bc6 26. Re8+ Rxe8
27. Rxe8+ Kb7 28. Rh8 Re7 29. Rxh7 Re3 30. Nf3 Be4 31. Bxe4+ Rxe4 32. Kd3 Rg4
33. Ke3 Rxg3 34. Kf2 Rg4 35. Rh4 Rxh4 36. Nxh4 g5 37. Nf3 d5 38. Ne5 dxc4 39.
bxc4 Ka6 40. Ke3 Ka5 41. Kd3 Kb4 42. g4 a6 43. Nc6+ Ka3 44. Nb8 a5 45. Na6 Nd7
46. Nxc7 Ne5+ 47. Kc3 Nxg4 48. Ne6 Ne5 49. Nxg5 Kxa2 50. Ne4 Nd7 51. Kc2 a4
1/2-1/2

[Event "Ellivuori Grandmaster Tournament"]
[Site "Vammala FIN"]
[Date "2002.08.29"]
[Round "6"]
[White "Paasikangas-Tella, Johanna"]
[Black "Ciuksyte, Dagne"]
[Result "1-0"]
[WhiteElo "2276"]
[BlackElo "2329"]
[PlyCount "107"]
[EventDate "2002.08.24"]
[SourceDate "2002.08.25"]

1. d4 Nf6 2. Nf3 e6 3. e3 b6 4. Bd3 Bb7 5. O-O c5 6. c4 Be7 7. Nc3 O-O 8. d5
exd5 9. cxd5 d6 10. b3 Na6 11. e4 Nd7 12. Bb2 Bf6 13. Qe2 Nc7 14. a4 Re8 15.
Qd2 a6 16. Rfe1 Ne5 17. Nxe5 Bxe5 18. Ne2 Qh4 19. Bxe5 Rxe5 20. Ng3 g6 21. f4
Re7 22. Rad1 Ne8 23. Bc4 Nf6 24. e5 dxe5 25. d6 Ree8 26. fxe5 Ng4 27. Bxf7+ Kg7
28. Nf5+ gxf5 29. g3 Nxh2 30. gxh4 Nf3+ 31. Kf2 Nxd2 32. Bxe8 Ne4+ 33. Rxe4
Bxe4 34. d7 Rd8 35. Rd6 b5 36. Rxa6 c4 37. bxc4 bxc4 38. Ra7 c3 39. Rc7 c2 40.
Ke3 Kf8 41. a5 Ke7 42. Rc8 Ke6 43. Kd2 Ke7 44. a6 f4 45. a7 Bb7 46. Rxc2 Ra8
47. Ra2 Bc6 48. Ra6 Bb7 49. Rd6 Kd8 50. e6 Ke7 51. Rd4 Bg2 52. Bh5 Bb7 53. Ke2
Rd8 54. Bf3 1-0

[Event "Ellivuori Grandmaster Tournament"]
[Site "Vammala FIN"]
[Date "2002.08.29"]
[Round "6"]
[White "Rogule, Laura"]
[Black "Rantanen, Tanja"]
[Result "1/2-1/2"]
[WhiteElo "2213"]
[BlackElo "2166"]
[PlyCount "114"]
[EventDate "2002.08.24"]
[SourceDate "2002.08.25"]

1. c4 c5 2. Nc3 Nc6 3. g3 g6 4. Bg2 Bg7 5. e4 e6 6. Nge2 Nge7 7. O-O O-O 8. d3
d6 9. Be3 Nd4 10. Qd2 Rb8 11. Rab1 Nec6 12. f4 a6 13. g4 f5 14. gxf5 gxf5 15.
Kh1 Rf6 16. Bxd4 Nxd4 17. Nxd4 cxd4 18. Ne2 Rh6 19. Rf3 b5 20. Rg3 Qh4 21. Rh3
Qf6 22. Rxh6 Bxh6 23. Rg1 Kf7 24. Qa5 Qe7 25. Nxd4 Bb7 26. exf5 e5 27. fxe5
dxe5 28. Nc6 Bxc6 29. Bxc6 Be3 30. Bd5+ Kf6 31. Qe1 Bg5 32. Qg3 h6 33. h4 Rh8
34. hxg5+ hxg5+ 35. Kg2 Qb4 36. Kf3 Qd2 37. Re1 Qxd3+ 38. Kf2 Qd2+ 39. Kf1 Qxb2
40. Qf2 Qxf2+ 41. Kxf2 Rh2+ 42. Kg1 Rxa2 43. cxb5 Ra5 44. Be6 Rxb5 45. Ra1 a5
46. Kf2 g4 47. Ra4 Kg5 48. Kg3 Rb4 49. Rxa5 Re4 50. Ra3 Rb4 51. Re3 e4 52. Re1
Rd4 53. Rf1 Rd3+ 54. Kg2 Rd2+ 55. Kg3 Rd3+ 56. Kg2 Rd2+ 57. Kg3 Rd3+ 1/2-1/2

[Event "Ellivuori Grandmaster Tournament"]
[Site "Vammala FIN"]
[Date "2002.08.29"]
[Round "6"]
[White "Koskela, Niina"]
[Black "Puuska, Heini"]
[Result "1/2-1/2"]
[WhiteElo "2260"]
[BlackElo "2065"]
[PlyCount "156"]
[EventDate "2002.08.24"]
[SourceDate "2002.08.25"]

1. e4 c5 2. Nf3 d6 3. c3 Nf6 4. d3 g6 5. g3 Bg4 6. Bg2 Nbd7 7. h3 Bxf3 8. Bxf3
Rb8 9. O-O Bg7 10. d4 O-O 11. Bg2 b5 12. f4 e5 13. Be3 Qc7 14. Qd2 b4 15. fxe5
bxc3 16. Nxc3 dxe5 17. dxc5 Nxc5 18. Rxf6 Bxf6 19. Nd5 Nxe4 20. Bxe4 Qd8 21. b4
Bg7 22. Bxa7 f5 23. Bxb8 Qxb8 24. Rf1 fxe4 25. Rxf8+ Bxf8 26. Nf6+ Kh8 27. Nxe4
Bxb4 28. Qd5 Ba5 29. h4 Bb6+ 30. Kg2 Bd4 31. Qf7 Qg8 32. Qxg8+ Kxg8 33. Kf3 h6
34. g4 Kf7 35. h5 gxh5 36. gxh5 Ke6 37. Kg4 Be3 38. Nc3 Bd4 39. Ne4 Be3 40. Ng3
Bd2 41. Kf3 Kd5 42. Ne4 Ba5 43. Nf6+ Kd4 44. Ne4 Kd5 45. Ng3 Bd2 46. Nf5 e4+
47. Ke2 Bf4 48. Ne3+ Kd4 49. Ng4 Kd5 50. Nf2 Kc4 51. Nxe4 Kb4 52. Kf3 Bc1 53.
Kg4 Ka3 54. Kf5 Kxa2 55. Kg6 Kb3 56. Nf6 Kc4 57. Ng4 Kd5 58. Nxh6 Ke6 59. Nf5
Bd2 60. Ng3 Bc1 61. Ne4 Be3 62. Ng3 Bc1 63. Ne4 Be3 64. Ng3 Bc1 65. Nf5 Bd2 66.
Nd4+ Ke7 67. Nf3 Be3 68. Nh4 Ke6 69. Nf5 Bc1 70. Nd4+ Ke7 71. Nf3 Ke6 72. Nd4+
Ke7 73. Ne2 Be3 74. Ng3 Ke6 75. Ne4 Bc1 76. Ng5+ Bxg5 77. Kxg5 Kf7 78. Kh6 Kg8
1/2-1/2

[Event "Ellivuori Grandmaster Tournament"]
[Site "Vammala FIN"]
[Date "2002.08.29"]
[Round "6"]
[White "Berzina, Ilze"]
[Black "Reizniece, Dana"]
[Result "1/2-1/2"]
[WhiteElo "2245"]
[BlackElo "2306"]
[PlyCount "22"]
[EventDate "2002.08.24"]
[SourceDate "2002.08.25"]

1. e4 d6 2. d4 Nf6 3. Nc3 g6 4. g3 Bg7 5. Bg2 O-O 6. Nge2 c6 7. O-O e5 8. dxe5
dxe5 9. h3 Be6 10. Qxd8 Rxd8 11. Be3 Nbd7 1/2-1/2

[Event "Ellivuori Grandmaster Tournament"]
[Site "Vammala FIN"]
[Date "2002.08.30"]
[Round "7"]
[White "Reizniece, Dana"]
[Black "Polovnikova, Ekaterina"]
[Result "1-0"]
[WhiteElo "2306"]
[BlackElo "2387"]
[PlyCount "63"]
[EventDate "2002.08.24"]
[SourceDate "2002.08.25"]

1. c4 e5 2. g3 Nf6 3. Bg2 c6 4. d4 exd4 5. Qxd4 d5 6. Nf3 Bb4+ 7. Bd2 Bxd2+ 8.
Nbxd2 O-O 9. O-O Re8 10. Rfe1 Bf5 11. Rad1 Qe7 12. cxd5 cxd5 13. Nb1 Nc6 14.
Qf4 Be4 15. Nc3 Rad8 16. Nd4 Qb4 17. Bxe4 Nxe4 18. Nf5 Nxc3 19. Qg5 Qf8 20.
bxc3 f6 21. Qc1 Qc5 22. Qb1 b6 23. Ne3 Ne5 24. Rd4 Qxc3 25. Red1 Rc8 26. Rxd5
h6 27. R5d4 Rc5 28. a4 Qa3 29. Nf5 Rc6 30. Kg2 Qc5 31. Nd6 Re6 32. Qb3 1-0

[Event "Ellivuori Grandmaster Tournament"]
[Site "Vammala FIN"]
[Date "2002.08.30"]
[Round "7"]
[White "Puuska, Heini"]
[Black "Berzina, Ilze"]
[Result "0-1"]
[WhiteElo "2065"]
[BlackElo "2245"]
[PlyCount "88"]
[EventDate "2002.08.24"]
[SourceDate "2002.08.25"]

1. e4 c6 2. d4 g6 3. Nc3 d5 4. Be3 Bg7 5. h3 dxe4 6. Nxe4 Nh6 7. g4 f6 8. Bxh6
Bxh6 9. Bc4 Na6 10. Qe2 Kf8 11. Nf3 Bf4 12. c3 Kg7 13. Nh4 b5 14. Bb3 Re8 15.
Qf3 e5 16. Ng2 f5 17. gxf5 Bxf5 18. Kf1 exd4 19. Ng3 Bxg3 20. Qxg3 Nc5 21. Bd1
Ne4 22. Qf4 g5 23. Qxf5 Ng3+ 24. fxg3 Rf8 25. Qxf8+ Qxf8+ 26. Kg1 dxc3 27. bxc3
Rd8 28. Bg4 Rd2 29. Rf1 Qc5+ 30. Kh2 Qxc3 31. Rd1 c5 32. Rhe1 Rxd1 33. Rxd1 a5
34. Rd7+ Kf6 35. Rd6+ Ke7 36. Re6+ Kf7 37. Ne3 Qd2+ 38. Kh1 Qxa2 39. Rh6 Qb1+
40. Kg2 a4 41. Bf5 Qb2+ 42. Kf3 a3 43. Rxh7+ Kf8 44. Rh8+ Qxh8 0-1

[Event "Ellivuori Grandmaster Tournament"]
[Site "Vammala FIN"]
[Date "2002.08.30"]
[Round "7"]
[White "Rantanen, Tanja"]
[Black "Koskela, Niina"]
[Result "0-1"]
[WhiteElo "2166"]
[BlackElo "2260"]
[PlyCount "54"]
[EventDate "2002.08.24"]
[SourceDate "2002.08.25"]

1. e4 e5 2. Nf3 Nc6 3. Nc3 Nf6 4. d4 Bb4 5. Nxe5 Bxc3+ 6. bxc3 Qe7 7. Nxc6
Qxe4+ 8. Qe2 dxc6 9. Ba3 Be6 10. Qxe4 Nxe4 11. c4 O-O-O 12. f3 Nc3 13. Bc1 Rhe8
14. Be3 c5 15. Kd2 cxd4 16. Bf4 Bf5 17. a4 a5 18. c5 Nd5 19. Bg3 Nb4 20. Bc4 d3
21. Rae1 dxc2+ 22. Kc1 Be6 23. Rxe6 fxe6 24. Be5 Nd3+ 25. Bxd3 Rxd3 26. Kxc2
Rd5 27. Bxg7 Rg8 0-1

[Event "Ellivuori Grandmaster Tournament"]
[Site "Vammala FIN"]
[Date "2002.08.30"]
[Round "7"]
[White "Erneste, Inguna"]
[Black "Paasikangas-Tella, Johanna"]
[Result "0-1"]
[WhiteElo "2287"]
[BlackElo "2276"]
[PlyCount "82"]
[EventDate "2002.08.24"]
[SourceDate "2002.08.25"]

1. e4 c5 2. Nf3 d6 3. d4 cxd4 4. Nxd4 Nf6 5. Nc3 a6 6. Be2 Nbd7 7. f4 e6 8. Bf3
Qb6 9. a4 Be7 10. a5 Qc7 11. O-O O-O 12. Kh1 Rb8 13. Qe1 Re8 14. Qg3 Bf8 15.
Bd2 b5 16. axb6 Nxb6 17. b3 Qc5 18. Nde2 Bb7 19. Rfc1 e5 20. Na4 Nxa4 21. Rxa4
d5 22. Ra5 Qb6 23. fxe5 dxe4 24. Bg4 e3 25. Be1 Ne4 26. Qf4 Bb4 27. e6 fxe6 28.
Bxb4 Qxb4 29. Ra4 Nf2+ 30. Kg1 Qxf4 31. Rxf4 e5 32. Rc4 Bd5 33. Rc5 Bf7 34. Bd7
Red8 35. Ba4 Rd2 36. Nc3 e4 37. h3 Rbd8 38. Rc7 Nd1 39. Nxd1 Rxd1+ 40. Rxd1
Rxd1+ 41. Kh2 g6 0-1

[Event "Ellivuori Grandmaster Tournament"]
[Site "Vammala FIN"]
[Date "2002.08.31"]
[Round "8"]
[White "Polovnikova, Ekaterina"]
[Black "Paasikangas-Tella, Johanna"]
[Result "1-0"]
[WhiteElo "2387"]
[BlackElo "2276"]
[PlyCount "69"]
[EventDate "2002.08.24"]
[SourceDate "2002.08.25"]

1. e4 c5 2. Nc3 d6 3. g3 Nc6 4. Bg2 g6 5. d3 Bg7 6. f4 e5 7. Nh3 Nge7 8. O-O h5
9. f5 gxf5 10. Bg5 f6 11. Bh4 Ng6 12. exf5 Nxh4 13. gxh4 Ne7 14. Nd5 Nxf5 15.
Qe1 Ne7 16. Qg3 Bg4 17. Rxf6 Nxd5 18. Rg6 Nf4 19. Nxf4 exf4 20. Qxf4 Be5 21.
Qc4 Qe7 22. h3 Bf5 23. Rg8+ Kd7 24. Qb5+ Ke6 25. Qc4+ Kd7 26. Qb5+ Ke6 27. Qc4+
Kf6 28. Rg5 Bd4+ 29. Kh1 Qe6 30. Rf1 Rhg8 31. Bd5 b5 32. Bxe6 Rxg5 33. hxg5+
Ke7 34. Qd5 Bxe6 35. Qxa8 1-0

[Event "Ellivuori Grandmaster Tournament"]
[Site "Vammala FIN"]
[Date "2002.08.31"]
[Round "8"]
[White "Rogule, Laura"]
[Black "Erneste, Inguna"]
[Result "1/2-1/2"]
[WhiteElo "2213"]
[BlackElo "2287"]
[PlyCount "86"]
[EventDate "2002.08.24"]
[SourceDate "2002.08.25"]

1. c4 e5 2. Nc3 Nf6 3. g3 d5 4. cxd5 Nxd5 5. Bg2 Nb6 6. Nf3 Nc6 7. O-O Be7 8.
d3 O-O 9. a3 f5 10. b4 Bf6 11. Bb2 Be6 12. Qc2 a6 13. Rac1 Nd4 14. Nxd4 exd4
15. Nb1 c6 16. Nd2 Qe8 17. Nb3 Rd8 18. Nc5 Bc8 19. Qb3+ Kh8 20. Rc2 Rf7 21. Re1
Re7 22. a4 h6 23. Ba3 Re5 24. Bb2 Re7 25. Ba3 Rf7 26. Rb1 Nd5 27. Bxd5 Rxd5 28.
b5 axb5 29. axb5 Rd8 30. bxc6 bxc6 31. Qc4 Ra7 32. Bc1 Qe7 33. Rb8 Be5 34. Rb6
Qe8 35. Nb3 Be6 36. Qxc6 Bd7 37. Qf3 Rb8 38. Rxb8 Qxb8 39. Nd2 Ra1 40. Kg2 Ba4
41. Rc4 Bb5 42. Rc2 Ba4 43. Rc4 Bb5 1/2-1/2

[Event "Ellivuori Grandmaster Tournament"]
[Site "Vammala FIN"]
[Date "2002.08.31"]
[Round "8"]
[White "Berzina, Ilze"]
[Black "Rantanen, Tanja"]
[Result "1-0"]
[WhiteElo "2245"]
[BlackElo "2166"]
[PlyCount "43"]
[EventDate "2002.08.24"]
[SourceDate "2002.08.25"]

1. e4 c5 2. Nf3 Nc6 3. Bb5 e6 4. Bxc6 bxc6 5. O-O d5 6. d3 Bd6 7. e5 Be7 8. Re1
Ba6 9. b3 c4 10. bxc4 dxc4 11. d4 Qa5 12. Bd2 Bb4 13. Bxb4 Qxb4 14. Nbd2 c5 15.
Ne4 cxd4 16. Nd6+ Kf8 17. Nxd4 Nh6 18. Qf3 Rb8 19. Nxe6+ Kg8 20. Nxg7 Kxg7 21.
Qf6+ Kg8 22. Qxh6 1-0

[Event "Ellivuori Grandmaster Tournament"]
[Site "Vammala FIN"]
[Date "2002.08.31"]
[Round "8"]
[White "Reizniece, Dana"]
[Black "Puuska, Heini"]
[Result "1/2-1/2"]
[WhiteElo "2306"]
[BlackElo "2065"]
[PlyCount "93"]
[EventDate "2002.08.24"]
[SourceDate "2002.08.25"]

1. e4 c5 2. Nf3 d6 3. d4 cxd4 4. Nxd4 Nf6 5. Nc3 Nc6 6. Bg5 e6 7. Qd2 a6 8.
O-O-O Bd7 9. f3 Be7 10. h4 h5 11. Kb1 Rc8 12. Nxc6 Rxc6 13. Ne2 b5 14. Nd4 Rc8
15. Bd3 Qb6 16. Be3 Qb7 17. Rhg1 e5 18. Nf5 Bxf5 19. exf5 d5 20. Bg5 e4 21. Be2
Rd8 22. Bxf6 Bxf6 23. fxe4 dxe4 24. Qf4 O-O 25. Bxh5 Rxd1+ 26. Rxd1 Rd8 27. Re1
Rd4 28. c3 Rc4 29. Be2 Rc8 30. Bd1 b4 31. Qxe4 Qxe4+ 32. Rxe4 bxc3 33. bxc3
Rxc3 34. Re8+ Kh7 35. Bb3 Bxh4 36. Bxf7 Bf6 37. Ra8 Ra3 38. Bc4 a5 39. Bb3 Kh6
40. Ra6 Kg5 41. Rxf6 Rxb3+ 42. axb3 gxf6 43. Kb2 Kxf5 44. Ka3 Kg4 45. Ka4 Kg3
46. Kxa5 Kxg2 47. b4 1/2-1/2

[Event "Ellivuori Grandmaster Tournament"]
[Site "Vammala FIN"]
[Date "2002.09.01"]
[Round "9"]
[White "Puuska, Heini"]
[Black "Polovnikova, Ekaterina"]
[Result "0-1"]
[WhiteElo "2065"]
[BlackElo "2387"]
[PlyCount "40"]
[EventDate "2002.08.24"]
[SourceDate "2002.08.25"]

1. d4 Nf6 2. Nf3 e6 3. Bg5 c5 4. e3 Qb6 5. Nbd2 d5 6. Bxf6 gxf6 7. c4 cxd4 8.
exd4 Nc6 9. Bd3 dxc4 10. Bxc4 Nxd4 11. O-O Nxf3+ 12. Qxf3 Be7 13. Ne4 f5 14.
Qc3 Rg8 15. Ng3 Bd7 16. Nh5 Bc6 17. g3 O-O-O 18. a3 Qd4 19. Qb3 Qg4 20. Nf4
Qxf4 0-1

[Event "Ellivuori Grandmaster Tournament"]
[Site "Vammala FIN"]
[Date "2002.09.01"]
[Round "9"]
[White "Rantanen, Tanja"]
[Black "Reizniece, Dana"]
[Result "0-1"]
[WhiteElo "2166"]
[BlackElo "2306"]
[PlyCount "64"]
[EventDate "2002.08.24"]
[SourceDate "2002.08.25"]

1. e4 c5 2. c3 e6 3. d4 d5 4. exd5 exd5 5. Nf3 Bd6 6. dxc5 Bxc5 7. Bb5+ Nc6 8.
O-O Nge7 9. Nbd2 a6 10. Bxc6+ bxc6 11. b4 Bd6 12. Nb3 O-O 13. h3 Nf5 14. Nfd4
Bd7 15. Nxf5 Bxf5 16. Be3 Re8 17. Nd4 Bd7 18. Qf3 Re4 19. Nb3 Qh4 20. Nc5 Bg4
21. Nxe4 Bxf3 22. Nxd6 Qf6 23. gxf3 Qxd6 24. Kg2 Re8 25. Rg1 Re6 26. Kf1 Qh2
27. Ke2 Qxh3 28. Rad1 Qf5 29. Rd2 h5 30. Rh1 Rf6 31. f4 Qg4+ 32. Kd3 Rxf4 0-1

[Event "Ellivuori Grandmaster Tournament"]
[Site "Vammala FIN"]
[Date "2002.09.01"]
[Round "9"]
[White "Ciuksyte, Dagne"]
[Black "Berzina, Ilze"]
[Result "1-0"]
[WhiteElo "2329"]
[BlackElo "2245"]
[PlyCount "77"]
[EventDate "2002.08.24"]
[SourceDate "2002.08.25"]

1. e4 c6 2. d4 d5 3. Nd2 dxe4 4. Nxe4 Nd7 5. Ng5 Ngf6 6. Bd3 Nb6 7. N1f3 h6 8.
Ne4 Bg4 9. c3 e6 10. Bf4 Nxe4 11. Bxe4 Bd6 12. Bxd6 Qxd6 13. h3 Bxf3 14. Qxf3
Nd5 15. O-O O-O 16. Rad1 Rad8 17. Bc2 Rfe8 18. Rfe1 Qc7 19. Qe4 Nf6 20. Qe5
Qxe5 21. dxe5 Nd7 22. f4 Kf8 23. Kf2 Ke7 24. Ke2 Nb6 25. Be4 Na4 26. Rxd8 Rxd8
27. Rb1 Rd7 28. Bf3 Nb6 29. Rc1 Rd8 30. g3 Nc4 31. Rc2 f6 32. b3 Nb6 33. exf6+
Kxf6 34. c4 e5 35. Ke3 exf4+ 36. Kxf4 Rd4+ 37. Ke3 Rd8 38. Rf2 Nc8 39. Bxc6+
1-0

[Event "Ellivuori Grandmaster Tournament"]
[Site "Vammala FIN"]
[Date "2002.09.01"]
[Round "9"]
[White "Erneste, Inguna"]
[Black "Koskela, Niina"]
[Result "1-0"]
[WhiteElo "2287"]
[BlackElo "2260"]
[PlyCount "123"]
[EventDate "2002.08.24"]
[SourceDate "2002.08.25"]

1. e4 e5 2. Nf3 Nc6 3. Bb5 a6 4. Ba4 Nf6 5. O-O Be7 6. Re1 b5 7. Bb3 d6 8. c3
O-O 9. h3 Nb8 10. d4 Nbd7 11. Nbd2 Bb7 12. a4 c5 13. Bc2 Re8 14. b3 Bf8 15. d5
bxa4 16. Rxa4 Nb6 17. Ra2 a5 18. Bd3 Qc7 19. Bb5 Reb8 20. Qe2 Ra7 21. Bb2 Rba8
22. Rea1 Ba6 23. Ne1 Bxb5 24. Qxb5 c4 25. bxc4 Rb7 26. Qc6 Qxc6 27. dxc6 Rc7
28. Rxa5 Rac8 29. c5 dxc5 30. c4 Re8 31. Nef3 Bd6 32. Ne1 Rxc6 33. Nc2 Nbd7 34.
Ne3 Rb8 35. Bc3 Rcb6 36. Ra6 Bf8 37. Rxb6 Rxb6 38. Ra8 h6 39. Nd5 Rb7 40. g3
Kh7 41. Kg2 Nxd5 42. cxd5 f6 43. Nc4 Rb3 44. Ra3 Rxa3 45. Nxa3 Kg6 46. Nc4 Kf7
47. f4 exf4 48. gxf4 Be7 49. Kf3 Nf8 50. Ba5 g5 51. d6 Ng6 52. dxe7 Kxe7 53. f5
Nf8 54. Kg4 Kf7 55. Nb6 Kg7 56. Bc3 Kf7 57. Kh5 Kg7 58. Nd5 Nd7 59. Bb2 c4 60.
Bd4 Ne5 61. Bxe5 fxe5 62. Nc3 1-0

[Event "Ellivuori Grandmaster Tournament"]
[Site "Vammala FIN"]
[Date "2002.09.01"]
[Round "9"]
[White "Paasikangas-Tella, Johanna"]
[Black "Rogule, Laura"]
[Result "1/2-1/2"]
[WhiteElo "2276"]
[BlackElo "2213"]
[PlyCount "61"]
[EventDate "2002.08.24"]
[SourceDate "2002.08.25"]

1. d4 d5 2. Nf3 Nf6 3. e3 e6 4. Bd3 b6 5. b3 Bb7 6. O-O Be7 7. Bb2 O-O 8. Ne5
Nfd7 9. Qh5 f5 10. c4 Nxe5 11. dxe5 c6 12. Rd1 Nd7 13. Nd2 Rc8 14. Nf3 Qe8 15.
Qh3 a6 16. Rac1 Qf7 17. Be2 Rfd8 18. Nd2 Qf8 19. e4 dxe4 20. Nxe4 Nc5 21. Nc3
Nd7 22. Qe3 b5 23. Rc2 Bc5 24. Qf4 Qe7 25. Rcd2 Nf8 26. Nb1 b4 27. Rd3 Rxd3 28.
Rxd3 Rd8 29. Qd2 Rxd3 30. Qxd3 Bb6 31. Nd2 1/2-1/2